000 00801nab a2200241 u 4500
001 10929
003 HDC
007 cr bn ---aaaaa
008 210206c mydr|nes 0 a eng d
040 _aHDC
245 0 _aDrive To Apprise UK Muslim Community About Halal Food
260 _a[no place] :
_b[publisher not identified],
_c[no year]
336 _atext
_2rdacontent
337 _acomputer
_2rdamedia
338 _aonline resource
_2rdacarrier
650 _aHalal food
_950
650 _aMuslim community
_94248
710 _aThe Asian Bridging the Gap
856 _zRequest full-text at [email protected]
942 _2lcc
942 _cNEWS
942 _kNWSO 000268
999 _c8252
_d8252